000 00633nam a2200229 a 4500
999 _c5769
_d5769
001 5769
003 BD-JhCC
005 20171221100344.0
008 171221s1982 n |||| || | 000 0 eng d
035 _a(BD-JhCC)5769
040 _aBD-JhCC
_dBD-JhCC
041 _aeng
082 _a808.042
_bHEF 1982
100 _aHeffernan, James A. W.
245 _aWriting A College Handbook /
_cJames A. W. Heffernan and John E. Lincoln
260 _aNew York :
_bW. W. Norton & Company,
_c1982.
300 _a575 p. :
_c24 cm.
650 _aEnglish Language
_xRhetoric
700 _aLincoln, John E.
942 _2ddc
_cBK